Online katalóg knižníc regiónu Turca

Dejiny Európy (Record no. 23004)

MARC details
000 -LEADER
fixed length control field 01445nam a2200457 a 4500
001 - CONTROL NUMBER
control field 23004
003 - CONTROL NUMBER IDENTIFIER
control field SK-KTurca
005 - DATE AND TIME OF LATEST TRANSACTION
control field 20260513141210.0
008 - FIXED-LENGTH DATA ELEMENTS--GENERAL INFORMATION
fixed length control field 240226sm y0 xo ab r slo
015 ## - NATIONAL BIBLIOGRAPHY NUMBER
National bibliography number SNBA2003/09-03410
020 ## - INTERNATIONAL STANDARD BOOK NUMBER
International Standard Book Number 8006010749
035 ## - SYSTEM CONTROL NUMBER
System control number SNK000380620
035 ## - SYSTEM CONTROL NUMBER
System control number urn:nbn:sk:snk-am3h47n
035 ## - SYSTEM CONTROL NUMBER
System control number urn:nbn:sk:snk-am00cmic
035 ## - SYSTEM CONTROL NUMBER
System control number 0D8DB4BB-6141-46CA-9905-BE6ECBB51C62
040 ## - CATALOGING SOURCE
Original cataloging agency SNK
Language of cataloging slo
Transcribing agency SNK
Description conventions AACR2
041 0# - LANGUAGE CODE
Language code of text/sound track or separate title slo
043 ## - GEOGRAPHIC AREA CODE
Geographic area code e------
044 ## - COUNTRY OF PUBLISHING/PRODUCING ENTITY CODE
MARC country code xo
ISO country code SK
072 #7 - SUBJECT CATEGORY CODE
Subject category code 94(4)
Subject category code subdivision Dejiny Európy
Source konspekt
080 ## - UNIVERSAL DECIMAL CLASSIFICATION NUMBER
Universal Decimal Classification number 94(4)
Edition identifier 2. slo
080 ## - UNIVERSAL DECIMAL CLASSIFICATION NUMBER
Universal Decimal Classification number 94(4)
Edition identifier 1981
080 ## - UNIVERSAL DECIMAL CLASSIFICATION NUMBER
Universal Decimal Classification number (048.8)
Edition identifier 1981
245 0# - TITLE STATEMENT
Title Dejiny Európy
Statement of responsibility, etc. [napísal kolektív európskych historikov] Frédéric Delouche ... [et al.] ; [preklad: Elena Flašková ... [et al.]]
250 ## - EDITION STATEMENT
Edition statement 3. dopl. vyd.
260 ## - PUBLICATION, DISTRIBUTION, ETC.
Place of publication, distribution, etc. Bratislava
Name of publisher, distributor, etc. Mladé letá
Date of publication, distribution, etc. 2001
300 ## - PHYSICAL DESCRIPTION
Extent 429 s.
Other physical details fareb. fotogr., ilustr., mp.
Dimensions 29 cm
500 ## - GENERAL NOTE
General note Údaj o prekl. prevzatý z rubu tit. strany
504 ## - BIBLIOGRAPHY, ETC. NOTE
Bibliography, etc. note Reg.
651 #7 - SUBJECT ADDED ENTRY--GEOGRAPHIC NAME
Geographic name Európa
General subdivision dejiny
Source of heading or term SNK
651 #7 - SUBJECT ADDED ENTRY--GEOGRAPHIC NAME
Geographic name Európa
Source of heading or term SNK
655 #7 - INDEX TERM--GENRE/FORM
Genre/form data or focus term príručky
Source of term SNK
655 #7 - INDEX TERM--GENRE/FORM
Genre/form data or focus term prehľady
700 1# - ADDED ENTRY--PERSONAL NAME
Personal name Delouche, Frédéric
Relationship aut
700 1# - ADDED ENTRY--PERSONAL NAME
Personal name Flašková, Elena,
Dates associated with a name 1952-
Relationship trl
700 1# - ADDED ENTRY--PERSONAL NAME
Personal name Institorisová, Mária
Relationship trl
700 1# - ADDED ENTRY--PERSONAL NAME
Personal name Kostolanský, Felix,
Dates associated with a name 1928-2007
Relationship trl
700 1# - ADDED ENTRY--PERSONAL NAME
Personal name Mrlianová, Zuzana
Relationship trl
942 ## - ADDED ENTRY ELEMENTS (KOHA)
Source of classification or shelving scheme Dewey Decimal Classification
Koha item type Odborná literatúra pre dospelých
Suppress in OPAC No
Holdings
Stav vyradenia Strata Poškodenie Spôsob nadobudnutia Domovská knižnica Aktuálna knižnica Dátum nadobudnutia Total checkouts Čiarový kód exemplára Date last seen Typ exemplára
      Dar Obecná knižnica Turčianska Štiavnička Obecná knižnica Turčianska Štiavnička 13.05.2026   4738001308 13.05.2026 Odborná literatúra pre dospelých
Projekt je podporený Slovenskou asociáciou knižníc
Prevádzkuje Turčianska knižnica Martin 2026